000
00249nam a22001097a 4500
082
_a
671.36 KAM'S
100
_a
KAMENCHINY, I
_9
80673
245
_a
A SHORT HANDBOOK OF HEAT TREATMENT
260
_a
MSCOW
_b
PEACE
_c
1959
300
_a
275P
942
_c
BK
999
_c
585571
_d
585571